Object-oriented programming languages and event-driven programming / (Record no. 23269)
[ view plain ]
| 000 -LEADER | |
|---|---|
| fixed length control field | 01443cam a22002535a 4500 |
| 001 - CONTROL NUMBER | |
| control field | 17509294 |
| 005 - DATE AND TIME OF LATEST TRANSACTION | |
| control field | 20161122130619.0 |
| 008 - FIXED-LENGTH DATA ELEMENTS--GENERAL INFORMATION | |
| fixed length control field | 121025t2014 vaua fr 001 0 eng d |
| 020 ## - INTERNATIONAL STANDARD BOOK NUMBER | |
| International Standard Book Number | 9781936420377 |
| 040 ## - CATALOGING SOURCE | |
| Original cataloging agency | BTCTA |
| Language of cataloging | eng |
| Transcribing agency | BTCTA |
| Modifying agency | YDXCP |
| -- | UNA |
| -- | DLC |
| -- | EG-ScBUE |
| 082 04 - DEWEY DECIMAL CLASSIFICATION NUMBER | |
| Classification number | 005.1 |
| Edition number | 22 |
| Item number | YEA |
| 100 1# - MAIN ENTRY--PERSONAL NAME | |
| Personal name | Yeager, Dorian P. |
| 245 10 - TITLE STATEMENT | |
| Title | Object-oriented programming languages and event-driven programming / |
| Statement of responsibility, etc | Dorian P. Yeager. |
| 260 ## - PUBLICATION, DISTRIBUTION, ETC. (IMPRINT) | |
| Place of publication, distribution, etc | Dulles ; |
| -- | Boston ; |
| -- | New Delhi : |
| Name of publisher, distributor, etc | Mercury Learning and Information, |
| Date of publication, distribution, etc | c.2014. |
| 300 ## - PHYSICAL DESCRIPTION | |
| Extent | xix, 726 p. : |
| Other physical details | ill. ; |
| Dimensions | 24 cm. + |
| Accompanying material | 1 CD-ROM (4 3/4 inches) |
| 500 ## - GENERAL NOTE | |
| General note | Includes index. |
| 505 0# - FORMATTED CONTENTS NOTE | |
| Formatted contents note | A context-sensitive introduction -- Event-driven programming -- Smalltalk and the Squeak environment -- C++ and Java commonalities and similarities -- Additional concepts from the C++ language -- Visual Studio and the Microsoft Foundation Classes -- Java and the Swing library -- C# and the common language infrastructure -- Python -- Appendix A. Event-driven project ideas -- Appendix B. Answers to odd-numbered exercises -- Appendix C. About the CD-ROM. |
| 538 ## - SYSTEM DETAILS NOTE | |
| System details note | System requirements: Windows XP, Windows Vista, Windows 7, or Windows 8; 2 gigabytes of RAM; 4 gigabytes of free space on hard drive. |
| 650 #7 - SUBJECT ADDED ENTRY--TOPICAL TERM | |
| Topical term or geographic name as entry element | Object-oriented programming languages. |
| Source of heading or term | BUEsh |
| 9 (RLIN) | 3443 |
| 650 #7 - SUBJECT ADDED ENTRY--TOPICAL TERM | |
| Topical term or geographic name as entry element | Event processing (Computer science) |
| Source of heading or term | BUEsh |
| 651 ## - SUBJECT ADDED ENTRY--GEOGRAPHIC NAME | |
| Source of heading or term | BUEsh |
| 653 ## - INDEX TERM--UNCONTROLLED | |
| Resource For college | Informatics and Computer Science |
| Arrived date list | November2016 |
| 942 ## - ADDED ENTRY ELEMENTS (KOHA) | |
| Source of classification or shelving scheme | Dewey Decimal Classification |
| Withdrawn status | Item status | Source of classification or shelving scheme | Damaged status | Not for loan | Vendor | Home library | Current library | Shelving location | Date acquired | Source of acquisition | Cost, normal purchase price | Serial Enumeration / chronology | Total Checkouts | Total Renewals | Full call number | Barcode | Date last seen | Date last borrowed | Cost, replacement price | Koha item type |
|---|---|---|---|---|---|---|---|---|---|---|---|---|---|---|---|---|---|---|---|---|
| Dewey Decimal Classification | Baccah | Central Library | Central Library | Lower Floor | 22/11/2016 | Purchase | 234.00 | 292.50 | 1 | 3 | 005.1 YEA | 000034987 | 15/07/2025 | 08/02/2020 | 999999.99 | Book - Borrowing | ||||
| Dewey Decimal Classification | Baccah | Central Library | Central Library | Lower Floor | 22/11/2016 | Purchase | 234.00 | 292.50 | 005.1 YEA | 000034988 | 24/08/2022 | 999999.99 | CD | DVD - With book |